Statistiken für Autokennzeichen in Deutschland (mit Karte)

Klicken Sie hier um das Quiz zu spielen!

Allgemein

  • Dieses Quiz wurde 3.858 mal gespielt
  • Das Durchschnittsergebnis liegt bei 203 aus 401

Antworten auf der Karte

Die Antworten werden auf der Karte rot bzw. grün angezeigt, abhängig davon wie oft sie richtig erraten wurden.
 

Antwortstatistiken

Landkreis% Korrekt
Essen [E]
99%
Region Hannover [H]
99%
Augsburg [A]
98%
Augsburg [A] [SMÜ] [WER]
98%
Düsseldorf [D]
98%
München [M]
98%
Regensburg [R]
98%
Stuttgart [S]
98%
Berlin [B]
97%
Frankfurt am Main [F]
97%
Nürnberger Land [N] [LAU] [ESB] [HEB] [PEG]
97%
Nürnberg [N]
97%
Wuppertal [W]
97%
Köln [K]
95%
Leipzig [L]
94%
Leipzig [L] [BNA] [GHA] [GRM] [MTL] [WUR]
94%
Gera [G]
93%
Chemnitz [C]
91%
Potsdam [P]
91%
Vogtlandkreis [V] [AE] [OVL] [PL] [RC]
90%
Hamburg [HH]
89%
Zwickau [Z] [GC] [HOT] [WDA]
85%
Jena [J]
84%
Erlangen [ER]
83%
Bremen [HB]
79%
Bremerhaven [HB]
79%
Hagen [HA]
79%
Steinfurt [ST] [BF] [TE]
79%
Ostalbkreis [AA] [GD]
78%
Recklinghausen [RE] [CAS] [GLA]
76%
Dresden [DD]
75%
Breisgau-Hochschwarzwald [FR]
74%
Freiburg im Breisgau [FR]
74%
Eichstätt [EI]
73%
Kiel [KI]
73%
Mannheim [MA]
73%
Darmstadt-Dieburg [DA] [DI]
72%
Erzgebirgekreis [ERZ] [ANA] [ASZ] [AU] [MAB] [MEK] [STL] [SZB] [ZP]
72%
Mühldorf am Inn [MÜ] [VIB] [WS]
72%
Oldenburg [OL]
72%
Osnabrück [OS]
72%
Osnabrück [OS] [BSB] [MEL] [WTL]
72%
Bamberg [BA]
71%
Dortmund [DO]
71%
Mecklenburgische
Seenplatte [MSE] [AT] [DM] [MC] [MÜR] [MST] [NZ] [RM] [WRN] [NB]?
71%
Duisburg [DU]
70%
Esslingen [ES] [NT]
70%
Schwalm-Eder-Kreis [HR] [FZ] [MEG] [ZIG]
70%
Städteregion Aachen [AC] [MON]
70%
Waldeck-Frankenberg [KB] [FKB] [WA]
70%
Wiesbaden [WI]
70%
Böblingen [BB] [LEO]
69%
Bochum [BO] [WAT]
69%
Karlsruhe [KA]
69%
Ortenaukreis [OG] [BH] [KEL] [LR] [WOL]
69%
Rastatt [RA] [BH]
69%
Rosenheim [RO] [AIB] [ESB]
69%
Weimar [WE]
69%
Aschaffenburg [AB]
68%
Aschaffenburg [AB] [ALZ]
68%
Dessau-Roßlau [DE] [RSL]
68%
Gelsenkirchen [GE]
68%
Helmstedt [HE]
68%
Koblenz [KO]
68%
Lübeck [HL]
68%
Regionalverband
Saarbrücken [SB] [VK]
68%
Rosenheim [RO]
68%
Bielefeld [BI]
67%
Darmstadt [DA]
67%
Ingolstadt [IN]
67%
Mittelsachsen [FG] [BED] [DL] [FLÖ] [HC] [MW] [RL]
67%
Nordsachsen [TDO] [DZ] [EB] [OZ] [TG] [TO]
67%
Rhein-Kreis Neuss [NE] [GV]
67%
Soest [SO] [LP]
67%
Warendorf [WAF] [BE]
67%
Emmendingen [EM]
66%
Frankfurt (Oder) [FF]
66%
Görlitz [GR] [LÖB] [NOL] [NY] [WSW] [ZI]
66%
Hof [HO] [MÜB] [NAI] [REH] [SAN]
66%
Kassel [KS]
66%
Kassel [KS] [HOG] [WOH]
66%
Würzburg [WÜ]
66%
Würzburg [WÜ] [OCH]
66%
Amberg-Sulzbach [AS] [BUL] [ESB] [NAB] [SUL]
65%
Elbe-Elster [EE] [FI] [LIB]
65%
Hof [HO]
65%
Kaiserslautern [KL]
65%
Mettmann [ME]
65%
Oberhausen [OB]
65%
Wesel [WES] [DIN] [MO]
65%
Worms [WO]
65%
Ansbach [AN] [DKB] [FEU] [ROT]
64%
Flensburg [FL]
64%
Lindau (Bodensee) [LI]
64%
Ludwigshafen am Rhein [LU]
64%
Bonn [BN]
63%
Coburg [CO] [NEC]
63%
Heidelberg [HD]
63%
Heinsberg [HS] [ERK] [GK]
63%
Reutlingen [RT]
63%
Saalfeld-Rudolstadt [SLF] [RU]
63%
Siegen-Wittgenstein [SI] [BLB]
63%
Trier-Saarburg [TR] [SAB]
63%
Wittenberg [WB] [GHC] [JE]
63%
Alb-Donau-Kreis [UL]
62%
Ansbach [AN]
62%
Landshut [LA] [MAI] [MAL] [ROL] [VIB]
62%
Main-Kinzig-Kreis [MKK] [HU] [GN] [SLÜ]
62%
Offenbach am Main [OF]
62%
Offenbach [OF]
62%
Passau [PA]
62%
Schleswig-Flensburg [SL]
62%
Ulm [UL]
62%
Altmarkkreis Salzwedel [SAW] [GA] [KLZ]
61%
Bautzen [BZ] [BIW] [HY] [KM]
61%
Börde [BK] [BÖ] [HDL] [OC] [OK] [WMS] [WZL]
61%
Borken [BOR] [AH] [BOH]
61%
Braunschweig [BS]
61%
Erfurt [EF
61%
Fürth [FÜ]
61%
Heilbronn [HN]
61%
Landshut [LA]
61%
Mönchengladbach [MG]
61%
Rems-Murr-Kreis [WN] [BK]
61%
Trier [TR]
61%
Bodenseekreis [FN] [TT] [ÜB]
60%
Leverkusen [LEV] [OP]
60%
Minden-Lübbecke [MI]
60%
Münster [MS]
60%
Neu-Ulm [NU] [ILL]
60%
Rhein-Neckar-Kreis [HD]
60%
Unna [UN] [LH] [LÜN]
60%
Amberg [AM]
59%
Ennepe-Ruhr-Kreis [EN] [WIT]
59%
Harz [HZ] [HBS] [QLB] [WR]
59%
Kempten (Allgäu) [KE]
59%
Uelzen [UE]
59%
Gießen [GI]
58%
Groß-Gerau [GG]
58%
Gütersloh [GT]
58%
Heilbronn [HN]
58%
Hildesheim [HI] [ALF]
58%
Mainz-Bingen [MZ] [BIN]
58%
Oberallgäu [OA]
58%
Rhein-Sieg-Kreis [SU]
58%
Schwabach [SC]
58%
Unterallgäu [MN]
58%
Emsland [EL]
57%
Krefeld [KR]
57%
Mainz [MZ]
57%
Memmingen [MM]
57%
Schwäbisch Hall [SHA] [BK] [CR]
57%
Schweinfurt [SW] [GEO]
57%
Segeberg [SE]
57%
Stendal [SDL] [HV] [OBG]
57%
Südwestpfalz [PS] [ZW]
57%
Barnim [BAR] [BER] [EW]
56%
Diepholz [DH] [SY]
56%
Kulmbach [KU] [EBS] [SAN]
56%
Märkischer Kreis [MK]
56%
Ostholstein [OH]
56%
Pinneberg [PI]
56%
Schweinfurt [SW]
56%
Bayreuth [BT] [EBS] [ESB] [KEM] [MÜB] [PEG]
55%
Euskirchen [EU] [SLE]
55%
Fulda [FD]
55%
Ostprignitz-Ruppin [OPR] [KY] [NP] [WK]
55%
Remscheid [RS]
55%
Rendsburg-Eckernförde [RD] [ECK]
55%
Hameln-Pyrmont [HM]
54%
Landsberg am Lech [LL]
54%
Magdeburg [MD]
54%
Miesbach [MB]
54%
Oder-Spree [LOS] [BSK] [EH] [FW]
54%
Ravensburg [RV] [SLG] [ÜB] [WG]
54%
Viersen [VIE] [KK]
54%
Vorpommern-Greifswald [VG] [ANK] [GW] [PW] [SBG] [UEM] [WLG] [HGW]?
54%
Zollernalbkreis [BL] [HCH]
54%
Altenkirchen
(Westerwald) [AK]
53%
Bayreuth [BT]
53%
Düren [DN] [JÜL] [MON] [SLE]
53%
Forchheim [FO] [EBS] [PEG]
53%
Konstanz [KN] [BÜS] [STO]
53%
Landau in der Pfalz [LD]
53%
Ludwigsburg [LB] [VAI]
53%
Meißen [MEI] [GRH] [RG] [RIE]
53%
Mülheim an der Ruhr [MH]
53%
Neumarkt i. d. OPf. [NM] [PAR]
53%
Solingen [SG]
53%
Traunstein [TS] [LF]
53%
Uckermark [UM] [ANG] [PZ] [SDT] [TP]
53%
Celle [CE]
52%
Cottbus [CB]
52%
Dahme-Spreewald [LDS] [KW] [LC] [LN]
52%
Enzkreis [PF]
52%
Hochtaunuskreis [HG] [USI]
52%
Pforzheim [PF]
52%
Straubing-Bogen [SR] [BOG] [MAL]
52%
Ahrweiler [AW]
51%
Erding [ED]
51%
Herford [HF]
51%
Nordfriesland [NF]
51%
Rhein-Erft-Kreis [BM]
51%
Rheinisch-
Bergischer Kreis [GL]
51%
Saalekreis [SK] [MER] [MQ] [QFT]
51%
Straubing [SR]
51%
Waldshut [WT] [SÄK]
51%
Biberach [BC]
50%
Coesfeld [COE] [LH]
50%
Lahn-Dill-Kreis [LDK] [DIL] [WZ]
50%
Marburg-Biedenkopf [MR] [BID]
50%
Paderborn [PB] [BÜR]
50%
Schwerin [SN]
50%
Speyer [SP]
50%
Weimarer Land [AP] [APD]
50%
Westerwaldkreis [WW]
50%
Wetteraukreis [FB] [BÜD]
50%
Alzey-Worms [AZ]
49%
Havelland [HVL] [NAU] [RN]
49%
Höxter [HX] [WAR]
49%
Ilm-Kreis [IK] [ARN] [IL]
49%
Lüneburg [LG]
49%
Mansfeld-Südharz [MSH] [EIL] [HET] [ML] [SGH]
49%
Eisenach [EA]
48%
Goslar [GS] [BRL] [CLZ]
48%
Nienburg (Weser) [NI]
48%
Oberspreewald-Lausitz [OSL] [CA] [SFB]
48%
Roth [RH] [HIP]
48%
Sächsische Schweiz -
Osterzgebirge [PIR] [DW] [FTL] [SEB]
48%
Schaumburg [SHG] [RI]
48%
Stormarn [OD]
48%
Vorpommern-Rügen [VR] [GMN] [NVP] [RDG] [RÜG] [HST]?
48%
Frankenthal (Pfalz) [FT]
47%
Göppingen [GP]
47%
Neustadt an
der Weinstraße [NW]
47%
Peine [PE]
47%
Pirmasens [PS]
47%
Weilheim-Schongau [WM] [SOG]
47%
Freising [FS]
46%
Günzburg [GZ] [KRU]
46%
Harburg [WL]
46%
Heidekreis [HK]
46%
Limburg-Weilburg [LM] [WEL]
46%
Neuburg-Schrobenhausen [ND] [SOB]
46%
Olpe [OE]
46%
Salzgitter [SZ]
46%
Gifhorn [GF]
45%
Kaufbeuren [KF]
45%
Potsdam-Mittelmark [PM]
45%
Prignitz [PR]
45%
Sonneberg [SON] [NH]
45%
Wolfenbüttel [WF]
45%
Bergstraße [HP]
44%
Neunkirchen [NK] [OTW]
44%
Oberbergischer Kreis [GM]
44%
Schmalkalden-Meiningen [SM] [MGN]
44%
Zweibrücken [ZW]
44%
Anhalt-Bitterfeld [ABI] [AZE] [BTF] [KÖT] [ZE]
43%
Bad Kreuznach [KH]
43%
Burgenlandkreis [BLK] [HHM] [NEB] [NMB] [WSF] [ZZ]
43%
Kitzingen [KT]
43%
Calw [CW]
42%
Neuwied [NR]
42%
Rottweil [RW]
42%
Bad Kissingen [KG] [BRK] [HAB]
41%
Mayen-Koblenz [MYK] [MY]
41%
Rhein-Pfalz-Kreis [RP]
41%
Rottal-Inn [PAN] [WG] [GRI] [VIB]
41%
Herzogtum Lauenburg [RZ]
40%
Jerichower Land [JL] [BRG] [GNT]
40%
Kronach [KC] [SAN]
40%
Saale-Orla-Kreis [SOK] [LBS] [PN] [SCZ]
40%
Steinburg [IZ]
40%
Teltow-Fläming [TF]
40%
Unstrut-Hainich-Kreis [UH] [LSZ] [MHL]
40%
Cuxhaven [CUX]
39%
Halle (Saale) [HAL]
39%
Baden-Baden [BAD]
38%
Rostock [HRO]
38%
Schwarzwald-Baar-Kreis [VS]
38%
Aurich [AUR] [NOR]
37%
Greiz [GRZ] [ZR]
36%
Hamm [HAM]
36%
Rostock [LRO] [BÜZ] [DBR] [GÜ] [ROS] [TET]
36%
Vogelsbergkreis [VB]
36%
Emden [EMD]
34%
Nordwestmecklenburg [NWM] [GDB] [GVM] [WIS] [HWI]?
34%
Wolfsburg [WOB]
34%
Dithmarschen [HEI] [MED]
33%
Kleve [KLE] [GEL]
33%
Freudenstadt [FDS] [HCH] [HOR] [WOL]
32%
Herne [HER] [WAN]
32%
Regen [REG] [VIT]
32%
Tübingen [TÜ]
32%
Main-Taunus-Kreis [MTK]
31%
Göttingen [GÖ] [DUD] [HMÜ] [OHA]
30%
Leer [LER]
30%
Sigmaringen [SIG] [SLG] [STO] [ÜB]
30%
Starnberg [STA] [WOR]
30%
Wesermarsch [BRA]
30%
Eifelkreis Bitburg-Prüm [BIT] [PRÜ]
29%
Friesland [FRI]
29%
Germersheim [GER]
29%
Kelheim [KEH] [MAI] [PAR] [RID] [ROL]
29%
Lippe [LIP]
29%
Stade [STD]
29%
Berchtesgadener Land [BGL] [BDG] [LF] [REI]
28%
Bottrop [BOT]
28%
Cham [CHA] [KÖZ] [ROD] [WÜM]
28%
Rhein-Lahn-Kreis [EMS] [DIZ] [GOH]
28%
Tuttlingen [TUT]
28%
Cloppenburg [CLP]
27%
Fürstenfeldbruck [FFB]
27%
Hochsauerlandkreis [HSK]
27%
Kyffhäuserkreis [KYF] [ART] [SDH]
27%
Lörrach [LÖ]
27%
Ludwigslust-Parchim [LUP] [LWL] [PCH] [HGN] [LBZ] [STB]
27%
Ostallgäu [OAL] [FÜS] [MOD]
27%
Tirschenreuth [TIR] [KEM]
27%
Vechta [VEC]
27%
Bernkastel-Wittlich [WIL] [BKS]
26%
Delmenhorst [DEL]
26%
Dillingen a. d. Donau [DLG] [WER]
26%
Garmisch-Partenkirchen [GAP]
26%
Haßberge [HAS] [EBN] [HOH] [GEO]
26%
Saale-Holzland-Kreis [SHK] [EIS] [SRO]
26%
Saarpfalz-Kreis [HOM] [IGB]?
26%
Brandenburg an der Havel [BRB]
25%
Deggendorf [DEG]
25%
Dingolfing-Landau [DGF] [LAN]
25%
Heidenheim [HDH]
25%
Main-Tauber-Kreis [TBB] [MGH]
25%
Saarlouis [SLS]
25%
Verden [VER]
25%
Wilhelmshaven [WHV]
25%
Wunsiedel i.
Fichtelgebirge [WUN] [MAK] [REH] [SEL]
25%
Cochem-Zell [COC] [ZEL]
24%
Lichtenfels [LIF] [STE]
24%
Miltenberg [MIL] [OBB]
24%
Neumünster [NMS]
24%
Rotenburg (Wümme) [ROW] [BRV]
24%
Schwandorf [SAD] [BUL] [NAB] [NEN] [OVI] [ROD]
24%
Aichach-Friedberg [AIC] [FDB]
23%
Bad Tölz-Wolfratshausen [TÖL] [WOR]
23%
Dachau [DAH]
23%
Donau-Ries [DON] [NÖ]
23%
Ebersberg [EBE]
23%
Eichsfeld [EIC] [HIG] [WBS]
23%
Freyung-Grafenau [FRG] [GRA] [WOS]
23%
Main-Spessart [MSP]
23%
Märkisch-Oderland [MOL] [FRW] [SEE] [SRB]
23%
Neckar-Odenwald-Kreis [MOS] [BCH]
23%
Oberhavel [OHV]
23%
Salzlandkreis [SLK] [ASL] [BBG] [SBK] [SFT]
23%
Altenburger Land [ABG] [SLN]
22%
Birkenfeld [BIR]
22%
Holzminden [HOL]
22%
Kusel [KUS]
22%
Lüchow-Dannenberg [DAN]
22%
Northeim [NOM] [EIN] [GAN]
22%
Spree-Neiße [SPN] [FOR] [GUB] [SPB]
22%
Gotha [GTH]
21%
Grafschaft Bentheim [NOH]
21%
Hersfeld-Rotenburg [HEF] [ROF]
21%
Rhön-Grabfeld [NES] [KÖN] [MET]
21%
Suhl [SHL]
21%
Vulkaneifel [DAU]
21%
Altötting [AÖ]
20%
Erlangen-Höchstadt [ERH] [HÖS]
20%
Merzig-Wadern [MZG]
20%
Neustadt a. d. Aisch -
Bad Windsheim [NEA] [SEF] [UFF]
20%
Neustadt a. d. Waldnaab [NEW] [ESB] [VOH]
20%
Nordhausen [NDH]
20%
Osterholz [OHZ]
20%
Pfaffenhofen a. d. Ilm [PAF]
20%
Plön [PLÖ]
20%
Wartburgkreis [WAK] [SLZ]
20%
Weiden i. d. OPf. [WEN]
20%
Weißenburg-Gunzenhausen [WUG] [GUN]
20%
Werra-Meißner-Kreis [ESW] [WIZ]
20%
Odenwaldkreis [ERB]
19%
Wittmund [WTM]
19%
Rhein-Hunsrück-Kreis [SIM] [GOA]
18%
St. Wendel [WND]
18%
Ammerland [WST]
17%
Hohenlohekreis [KÜN] [ÖHR]
17%
Rheingau-Taunus-Kreis [RÜD] [SWA]
17%
Sömmerda [SÖM]
17%
Südliche Weinstraße [SÜW]
17%
Bad Dürkheim [DÜW]
16%
Donnersbergkreis [KIB] [ROK]
16%
Hildburghausen [HBN]
16%

Verteilung der Resultate

Perzentil nach korrekt beantworteten Fragen

Anzahl Personen mit jedem Resultat

Ihre Resultats-Entwicklung

Sie haben dieses Quiz noch nicht gespielt